000 00610nam a22002057a 4500
005 20231212095833.0
008 231212b ||||| |||| 00| 0 eng d
020 _a0697374041
040 _cAL
041 _aeng
082 _223
_a550
_bPLUP
100 _aCharles Plummer C.
_9145062
245 _aPhysical Geology
_b: featuring the Smithsonian institution's journey through geology.
250 _a8th ed.
260 _aNew York
_bMcGraw -Hill
_c1999
300 _axiv,577p.
_bPB
_c27x22cm.
650 _2sciences
_a geology
_9145063
700 _aMcgeary David; Carlson Diane H
_9145064
942 _2ddc
_cBK
999 _c229458
_d229458